| 000 | 00561nam a22001817a 4500 | ||
|---|---|---|---|
| 999 |
_c524808 _d524808 |
||
| 003 | NUST | ||
| 005 | 20190626064332.0 | ||
| 008 | 190626b ||||| |||| 00| 0 eng d | ||
| 038 | _aMr. Zahoor | ||
| 082 | _a670.5 | ||
| 100 |
_aRiaz-Ul-Hassan _915600 |
||
| 245 |
_aPrototype Design for Integrated Sterillizer and Shredder/ _cRiaz-Ul-Hassan |
||
| 260 |
_aIslamabad: _bSMME - NUST _c2015. |
||
| 300 |
_axi, 39p. : ill. ; _c30 cm |
||
| 500 | _aHardcover. | ||
| 600 |
_2Design and Manufacturing Engineering - MS Thesis _aRiaz-Ul-Hassan _915600 |
||
| 942 |
_2ddc _cTHE |
||